000 01315nam a2200349 i 4500
005 20220317001821.0
007 ta
008 210811r20062017ck o e 000 0 spa d
020 _a9789583005985
040 _aCO-BoRNBP
_bspa
_cCO-BoRNBP
_erda
041 1 _aspa
_hgrc
082 0 4 _a320.01
_bA73p
_222
100 1 _aAristóteles
_d384 a.C-322 a.C
_eautor
245 1 3 _aLa política = politeia
_cAristóteles de Estagira ; versión directa del original griego, prólogo y notas Manuel Briceño Jáuregui S.J.
246 3 1 _aPoliteia
250 _aPrimera edición
_bOctava reimpresión
264 1 _aBogotá
_bPanamericana Editorial
_c2006
_c2017
300 _a364 páginas
_bfotografía
_c23 cm
336 _atexto
_btxt
_2rdacontent
337 _asin mediación
_bn
_2rdamedia
338 _avolumen
_bnc
_2rdacarrier
490 0 _aFilosofía y política
521 _aRecomendado para un público adulto
545 _aIncluye datos biográficos del autor en la solapa
600 1 4 _aAristóteles
_d384 a.C-322 a.C
_tLa política
_xCritica e interpretación
_9180220
650 1 7 _aFilosofía
_2LEMB
650 1 7 _aFilosofía política
_2LEMB
650 1 7 _aCiencia política
_xHistoria
_2LEMB
650 1 7 _aFilósofos griegos
_2LEMB
700 1 _aBriceño Jauregui, Manuel
_eprologuista
_975303
942 _2ddc
_cBK
999 _c8190
_d8190